000 00698nam a22002057a 4500
999 _c6550
_d6550
003 AR-CdUCM
008 190318b ||||| |||| 00| 0 spa d
040 _aMUNICIPALIDAD PROVINCIAL DEL CUSCO
_cBIBLIOTECA MUNICIPAL DEL CUSCO
082 _a985.008 /
_bF65
100 _aFlorez Nobesell, Miguel
_918486
245 _aHistoria marítima del Perú /
260 _aLima :
_bInstituto de estudios histórico marítimos del Perú,
_c1986.
300 _a947 paginas
_c24 cm.
505 _aContenido :t.1. Serie monográfica -- Los puertos del Perú.
650 _aEl mar peruano
_918487
650 _aCentros pesqueros
_918488
650 _aLitoral peruano
_9239
942 _2ddc
_cLIBROS
945 _arum